Riadenie zásob materiálových vstupov podniku bakalárska práca

Gespeichert in:
Bibliographische Detailangaben
1. Verfasser: Csicsay, Krisztina
Körperschaft: Fakulta podnikového manažmentu EU. Katedra podnikovohospodárska
Weitere Verfasser: Grančičová, Katarína, 1967-
Format: Buch
Sprache:Slowakisch
Veröffentlicht: Bratislava 2017
Tags: Tag hinzufügen
Keine Tags, Fügen Sie das erste Tag hinzu!

MARC

LEADER 00000nbm a2200000 4500
001 0232332
005 20171024101034.1
041 0 |a slo 
044 |a SK 
245 1 0 |a Riadenie zásob materiálových vstupov podniku  |b bakalárska práca  |c Krisztina Csicsay ; školiteľ: Katarína Grančičová 
264 1 |a Bratislava  |c 2017 
300 |a 50 s. 
100 1 |a Csicsay, Krisztina 
700 1 |a Grančičová, Katarína, 1967- 
710 2 |a Fakulta podnikového manažmentu EU. Katedra podnikovohospodárska